| 000 | 00681nam a22002057a 4500 | ||
|---|---|---|---|
| 003 | SEM | ||
| 005 | 20251103171751.0 | ||
| 008 | 250908s1963 ai ||||gr||||||01|||arm|d | ||
| 040 |
_aSEM _cSEM |
||
| 041 | _aarm | ||
| 080 | _a891.981/Ա-57 | ||
| 100 |
_aԱնանյան, Վախթանգ _d(1905-1980) |
||
| 245 |
_aԼեռներ հայրենի / _cՎ․ Անանյան ; Խմբ․՝ Վ․ Տ․ Դաքեսյան |
||
| 260 |
_aԵրևան ։ _bՀայպետհրատ, _c1963․ |
||
| 300 |
_a707 էջ ; _c22 սմ |
||
| 650 |
_aՀայ գրականություն _xԺողովածու |
||
| 653 | _aՍԷՄ | ||
| 700 |
_aԴաքեսյան, Վահան _eխմբ․ _4edt. |
||
| 942 |
_2udc _cBK _n0 |
||
| 999 |
_c76913 _d76913 |
||